000
00214 a2200097 4500
001
7767
100
_a
Hancock, H
245
_a
Theory of maxima and minima
260
_a
_b
Dover Publication
_c
090
_c
6222
_d
6222
942
_a
NUST-CAE
_c
M
_c
32737
999
_c
242840
_d
242840